[Event "Gibraltar Challengers A"]
[Site "Gibraltar"]
[Date "2020.01.21"]
[Round "2.38"]
[White "Hng, Mei-Xian Eunice"]
[Black "Manukonda, Arun"]
[Result "0-1"]
[WhiteElo "1661"]
[BlackElo "1959"]
[PlyCount "72"]
[EventDate "2020.01.20"]
[EventType "swiss"]
[EventRounds "5"]
[EventCountry "GGB"]
[SourceTitle "BritBase"]
[Source "John Saunders"]
[SourceDate "2021.06.05"]
[SourceVersion "1"]
[SourceVersionDate "2021.06.05"]
[SourceQuality "1"]

1. e4 c5 2. d4 cxd4 3. c3 dxc3 4. Nxc3 Nc6 5. Bc4 e6 6. Nf3 a6 7. O-O b5 8. Bb3
d6 9. Qe2 Ra7 10. Be3 Rd7 11. Nxb5 axb5 12. Qxb5 Bb7 13. Ba4 Qa5 14. Qxa5 Nxa5
15. Bxd7+ Kxd7 16. Rfc1 Be7 17. b4 Nc6 18. Bb6 Bd8 19. Bxd8 Nxd8 20. a4 Bxe4
21. a5 Ne7 22. a6 Nc8 23. b5 Nb6 24. Nd2 Bd5 25. Ra3 e5 26. a7 Ne6 27. Ra6 Na8
28. Nc4 Nf4 29. Rc2 Bxc4 30. Rxc4 Nd5 31. g3 Nab6 32. Rc6 Ra8 33. Ra3 Nc8 34.
Rca6 Ndb6 35. Rf3 f6 36. Rfa3 d5 0-1

[Event "Gibraltar Challengers A"]
[Site "Gibraltar"]
[Date "2020.01.22"]
[Round "3.1"]
[White "Sousa, Ludy Helsio Paulo"]
[Black "Hristodorescu, Daniel"]
[Result "0-1"]
[WhiteElo "2247"]
[BlackElo "2172"]
[PlyCount "74"]
[EventDate "2020.01.20"]
[EventType "swiss"]
[EventRounds "5"]
[EventCountry "GGB"]
[SourceTitle "BritBase"]
[Source "John Saunders"]
[SourceDate "2021.06.05"]
[SourceVersion "1"]
[SourceVersionDate "2021.06.05"]
[SourceQuality "1"]

1. e4 e5 2. Nf3 Nc6 3. Bb5 a6 4. Ba4 Nf6 5. O-O Be7 6. Re1 b5 7. Bb3 d6 8. c3
O-O 9. h3 Na5 10. Bc2 c5 11. d4 Nd7 12. a4 b4 13. d5 Rb8 14. Nbd2 bxc3 15. bxc3
c4 16. Ba3 Qc7 17. Qe2 Nc5 18. Ra2 Bd7 19. Bb4 Rfc8 20. Kh2 Nab3 21. Nxc4 a5
22. Bxc5 Qxc5 23. Bd3 Qc7 24. Rd1 Nc5 25. Bc2 Nxe4 26. Ncxe5 Nxc3 27. Qd3 g6
28. Nxd7 Qxd7 29. Rda1 Nxa2 30. Rxa2 Bf6 31. Qe2 Rc3 32. Bd3 Rbb3 33. Bb5 Qf5
34. Bc6 Qf4+ 35. Kg1 Rxf3 36. gxf3 Rb1+ 37. Qf1 Qg5+ 0-1

[Event "Gibraltar Challengers A"]
[Site "Gibraltar"]
[Date "2020.01.22"]
[Round "3.2"]
[White "Carrascoso Morales, Abel"]
[Black "Nebel, Jens"]
[Result "1-0"]
[WhiteElo "2229"]
[BlackElo "2168"]
[PlyCount "53"]
[EventDate "2020.01.20"]
[EventType "swiss"]
[EventRounds "5"]
[EventCountry "GGB"]
[SourceTitle "BritBase"]
[Source "John Saunders"]
[SourceDate "2021.06.05"]
[SourceVersion "1"]
[SourceVersionDate "2021.06.05"]
[SourceQuality "1"]

1. d4 Nf6 2. c4 c5 3. d5 e6 4. Nc3 exd5 5. cxd5 d6 6. e4 g6 7. f4 Bg7 8. Bb5+
Nfd7 9. Nf3 a6 10. Bd3 b5 11. O-O c4 12. Bc2 b4 13. Ne2 O-O 14. Kh1 a5 15. f5
Qc7 16. Ng3 Ba6 17. e5 dxe5 18. d6 Qb6 19. Be4 Bb7 20. Be3 Qb5 21. Ng5 Nf6 22.
fxg6 hxg6 23. Rxf6 Bxf6 24. Qf3 Bxe4 25. N3xe4 Bg7 26. Qh3 Re8 27. Nf6+ 1-0

[Event "Gibraltar Challengers A"]
[Site "Gibraltar"]
[Date "2020.01.22"]
[Round "3.3"]
[White "De Abreu, Roberto N"]
[Black "Oragwu, Chukwunonso"]
[Result "1-0"]
[WhiteElo "2154"]
[BlackElo "2220"]
[PlyCount "81"]
[EventDate "2020.01.20"]
[EventType "swiss"]
[EventRounds "5"]
[EventCountry "GGB"]
[SourceTitle "BritBase"]
[Source "John Saunders"]
[SourceDate "2021.06.05"]
[SourceVersion "1"]
[SourceVersionDate "2021.06.05"]
[SourceQuality "1"]

1. d4 Nf6 2. c4 g6 3. g3 Bg7 4. Bg2 O-O 5. Nf3 d6 6. Nc3 Nc6 7. O-O Bf5 8. Ng5
h6 9. e4 Bg4 10. f3 Bd7 11. Nh3 e5 12. d5 Nd4 13. Ne2 Re8 14. Be3 c5 15. dxc6
Nxe2+ 16. Qxe2 bxc6 17. Qd2 Be6 18. b3 Kh7 19. Rad1 d5 20. cxd5 cxd5 21. exd5
Bxd5 22. Nf2 Qc7 23. Ne4 Red8 24. Qf2 Qa5 25. Rd2 Bxe4 26. fxe4 Ng4 27. Qe1 Qc7
28. Qe2 Nxe3 29. Qxe3 Rxd2 30. Qxd2 Kg8 31. Rc1 Qb6+ 32. Qf2 Bf8 33. Bf1 Ba3
34. Rc2 Rd8 35. Bc4 Rd7 36. Bd5 Kg7 37. Rc6 Qd4 38. Rc4 Qd1+ 39. Kg2 f5 40. Rc6
Be7 41. Rxg6+ 1-0

[Event "Gibraltar Challengers A"]
[Site "Gibraltar"]
[Date "2020.01.22"]
[Round "3.4"]
[White "Piasetski, Leon"]
[Black "Royset, Pal"]
[Result "1-0"]
[WhiteElo "2219"]
[BlackElo "2151"]
[PlyCount "81"]
[EventDate "2020.01.20"]
[EventType "swiss"]
[EventRounds "5"]
[EventCountry "GGB"]
[SourceTitle "BritBase"]
[Source "John Saunders"]
[SourceDate "2021.06.05"]
[SourceVersion "1"]
[SourceVersionDate "2021.06.05"]
[SourceQuality "1"]

1. c4 e5 2. g3 Nc6 3. Bg2 g6 4. Nc3 Bg7 5. e3 d6 6. Nge2 h5 7. h3 Nf6 8. d4 Bd7
9. d5 Nb8 10. e4 h4 11. g4 Nh7 12. f4 a5 13. Be3 Na6 14. Qd2 Nc5 15. O-O-O b6
16. Rhf1 Qe7 17. Rf2 exf4 18. Bxf4 O-O 19. Nd4 Rae8 20. Re2 Bf6 21. Nf3 g5 22.
Bh2 Ba4 23. Rde1 Bb3 24. e5 dxe5 25. Bxe5 Bxa2 26. Nd4 Bxc4 27. Bxf6 Qxf6 28.
Rxe8 Nd3+ 29. Kb1 Qxd4 30. R8e4 Qc5 31. Rxc4 Qxc4 32. Bf1 Qf4 33. Qxd3 Nf6 34.
Bg2 Nd7 35. Qe3 Qxe3 36. Rxe3 Rd8 37. Nb5 Kf8 38. Nxc7 Nc5 39. Nb5 f6 40. d6
Rc8 41. Nc7 1-0

[Event "Gibraltar Challengers A"]
[Site "Gibraltar"]
[Date "2020.01.22"]
[Round "3.5"]
[White "Yanev, Pavel"]
[Black "Bengherabi, Khalil"]
[Result "0-1"]
[WhiteElo "2200"]
[BlackElo "2106"]
[PlyCount "106"]
[EventDate "2020.01.20"]
[EventType "swiss"]
[EventRounds "5"]
[EventCountry "GGB"]
[SourceTitle "BritBase"]
[Source "John Saunders"]
[SourceDate "2021.06.05"]
[SourceVersion "1"]
[SourceVersionDate "2021.06.05"]
[SourceQuality "1"]

1. e4 c5 2. Nf3 d6 3. d4 cxd4 4. Nxd4 Nf6 5. Nc3 g6 6. Be3 a6 7. Bc4 Ng4 8. Bg5
Qa5 9. Qd2 Bg7 10. Nb3 Qc7 11. Be2 Bxc3 12. bxc3 f6 13. Bh4 Ne5 14. f4 Nc4 15.
Qd3 Be6 16. O-O Nd7 17. Bf2 Nb2 18. Qd4 b5 19. Nd2 Rc8 20. Rab1 Nc4 21. Nxc4
Bxc4 22. Bd3 Bxd3 23. cxd3 Qxc3 24. Qxc3 Rxc3 25. Rfc1 Rxc1+ 26. Rxc1 Kf7 27.
Rc7 Rd8 28. Kf1 Nc5 29. Bxc5 dxc5 30. Ke2 Rd4 31. Rxc5 Ra4 32. Rc2 Ke6 33. Ke3
Kd6 34. g4 h6 35. h4 e6 36. g5 fxg5 37. hxg5 hxg5 38. fxg5 b4 39. d4 Ra3+ 40.
Kf4 a5 41. Rh2 Rd3 42. Rh8 Rd2 43. e5+ Kc6 44. Rc8+ Kd7 45. Rb8 Rxa2 46. Ke3
Ra3+ 47. Kd2 b3 48. Rg8 a4 49. Rg7+ Kc6 50. Rxg6 Kd5 51. Rg8 Ra2+ 52. Kd3 b2
53. Rc8 b1=Q+ 0-1

[Event "Gibraltar Challengers A"]
[Site "Gibraltar"]
[Date "2020.01.22"]
[Round "3.6"]
[White "Ungureanu, Sandu"]
[Black "Mihajlov, Svetoslav"]
[Result "1/2-1/2"]
[WhiteElo "2066"]
[BlackElo "2173"]
[PlyCount "100"]
[EventDate "2020.01.20"]
[EventType "swiss"]
[EventRounds "5"]
[EventCountry "GGB"]
[SourceTitle "BritBase"]
[Source "John Saunders"]
[SourceDate "2021.06.05"]
[SourceVersion "1"]
[SourceVersionDate "2021.06.05"]
[SourceQuality "1"]

1. g3 c5 2. Bg2 Nc6 3. c4 g6 4. Nf3 Bg7 5. O-O d6 6. Nc3 e5 7. d3 Nge7 8. Nd5
Nxd5 9. cxd5 Ne7 10. e4 h6 11. b4 b6 12. bxc5 bxc5 13. Rb1 O-O 14. Nd2 f5 15.
Nc4 Qd7 16. Qb3 Ba6 17. Bd2 f4 18. f3 g5 19. g4 Nc8 20. Ba5 Bf6 21. Qa3 Bb5 22.
Rf2 Bd8 23. Rfb2 Bxc4 24. Rb7 Qe8 25. dxc4 Bxa5 26. Qxa5 Nb6 27. Bf1 Rf7 28.
Rxf7 Kxf7 29. Qa6 Qc8 30. Qxc8 Rxc8 31. a4 Rb8 32. a5 Nd7 33. Rb5 Ke7 34. h4
Kd8 35. h5 Kc7 36. Kf2 Rd8 37. Ke1 Nb8 38. Kd2 Na6 39. Kc3 Rb8 40. Bd3 Kc8 41.
Bc2 Nc7 42. Rxb8+ Kxb8 43. Ba4 Kb7 44. Bb5 Na6 45. Bxa6+ Kxa6 46. Kb3 Kxa5 47.
Ka3 a6 48. Kb3 Kb6 49. Ka4 a5 50. Kb3 Ka6 1/2-1/2

[Event "Gibraltar Challengers A"]
[Site "Gibraltar"]
[Date "2020.01.22"]
[Round "3.7"]
[White "Gonzalez Gonzalez, Alfonso"]
[Black "Onabogun, Kolade"]
[Result "0-1"]
[WhiteElo "2100"]
[BlackElo "2198"]
[PlyCount "134"]
[EventDate "2020.01.20"]
[EventType "swiss"]
[EventRounds "5"]
[EventCountry "GGB"]
[SourceTitle "BritBase"]
[Source "John Saunders"]
[SourceDate "2021.06.05"]
[SourceVersion "1"]
[SourceVersionDate "2021.06.05"]
[SourceQuality "1"]

1. e4 c5 2. Nf3 Nc6 3. Bb5 g6 4. Bxc6 dxc6 5. d3 Bg7 6. h3 e5 7. O-O Qe7 8. Qe2
Nf6 9. Re1 O-O 10. a4 a5 11. Na3 Nd7 12. Nc4 b6 13. Bg5 f6 14. Bd2 Ba6 15. b3
Rab8 16. g3 Rfd8 17. Kg2 Nf8 18. Qd1 Ne6 19. Qc1 Rd7 20. Bh6 Nd4 21. Nxd4 cxd4
22. Bxg7 Qxg7 23. f4 Bxc4 24. bxc4 Qe7 25. Rf1 Rdd8 26. Rb1 Rf8 27. f5 g5 28.
Rb3 Rf7 29. Qd2 h5 30. Rfb1 Qc5 31. Qc1 Rh7 32. Qb2 Rhb7 33. Qc1 Rh7 34. Qb2
Rhb7 35. Kf2 Kg7 36. Ke2 Kh7 37. Ra1 Kg7 38. Kd1 Rh8 39. Kc1 h4 40. g4 Rhb8 41.
Kb1 Kf7 42. Ka2 Ke8 43. Rb1 Kd7 44. Rd1 Kc7 45. Rb1 Kc8 46. Rc1 Kc7 47. Rb1 Kd7
48. Ka1 Kc7 49. Rd1 b5 50. axb5 cxb5 51. cxb5 Rxb5 52. Rb1 Rxb3 53. cxb3 Kd7
54. Ka2 Qb4 55. Qa3 Qd2+ 56. Rb2 Qxd3 57. Qxa5 Qxe4 58. Qa7+ Qb7 59. Qa4+ Qb5
60. Qa7+ Qb7 61. Qa4+ Qc6 62. Qa7+ Rb7 63. Qa3 d3 64. b4 Qd5+ 65. Kb1 d2 66.
Qa4+ Ke7 67. Qd1 Qd3+ 0-1

[Event "Gibraltar Challengers A"]
[Site "Gibraltar"]
[Date "2020.01.22"]
[Round "3.9"]
[White "Ajele, Rotimi"]
[Black "Vinas Guerrero, Carlos A."]
[Result "1/2-1/2"]
[WhiteElo "2188"]
[BlackElo "2092"]
[PlyCount "97"]
[EventDate "2020.01.20"]
[EventType "swiss"]
[EventRounds "5"]
[EventCountry "GGB"]
[SourceTitle "BritBase"]
[Source "John Saunders"]
[SourceDate "2021.06.05"]
[SourceVersion "1"]
[SourceVersionDate "2021.06.05"]
[SourceQuality "1"]

1. d4 Nf6 2. c4 g6 3. Nc3 Bg7 4. Nf3 O-O 5. g3 d6 6. Bg2 Nc6 7. O-O Rb8 8. b3
a6 9. Bb2 b5 10. d5 Na5 11. cxb5 axb5 12. Nd4 b4 13. Na4 e5 14. Nc2 Bd7 15. Ne3
Qc8 16. Rc1 Qb7 17. Ba1 Bh6 18. Nb2 Qa7 19. Nd3 Bxe3 20. fxe3 Ng4 21. Qe1 Qxe3+
22. Kh1 Qb6 23. Bh3 c5 24. Bxg4 Bxg4 25. Rf6 Qd8 26. Rf2 f6 27. Qd2 Bf5 28. Qe3
Bxd3 29. Qxd3 Nb7 30. Rcf1 Qe7 31. e4 Nd8 32. Bb2 Rb7 33. Bc1 Qg7 34. Kg1 h5
35. h4 Rbf7 36. Qa6 Nb7 37. Kg2 f5 38. exf5 Rxf5 39. Rxf5 Rxf5 40. Rxf5 gxf5
41. Bg5 Kh7 42. Qc6 Qf7 43. Kf3 Kg7 44. Ke3 Kh7 45. Kf3 Kg7 46. Be3 Kh7 47. Bc1
Kg7 48. Kg2 Kh7 49. Bg5 1/2-1/2

[Event "Gibraltar Challengers A"]
[Site "Gibraltar"]
[Date "2020.01.22"]
[Round "3.10"]
[White "Huguet, Sergio"]
[Black "Ask, Josef"]
[Result "0-1"]
[WhiteElo "2055"]
[BlackElo "2174"]
[PlyCount "56"]
[EventDate "2020.01.20"]
[EventType "swiss"]
[EventRounds "5"]
[EventCountry "GGB"]
[SourceTitle "BritBase"]
[Source "John Saunders"]
[SourceDate "2021.06.05"]
[SourceVersion "1"]
[SourceVersionDate "2021.06.05"]
[SourceQuality "1"]

1. c4 g6 2. g3 Bg7 3. Bg2 d6 4. Nc3 e5 5. e4 Nc6 6. Nge2 h5 7. h4 Nh6 8. d3 Be6
9. Nd5 O-O 10. O-O f6 11. Rb1 Qd7 12. b4 Nd8 13. b5 c6 14. bxc6 bxc6 15. Ne3 f5
16. f4 Ndf7 17. d4 fxe4 18. dxe5 Bh3 19. Ba3 Bxg2 20. Kxg2 Rfd8 21. exd6 Nxd6
22. Qb3 Ndf5 23. Nxf5 Nxf5 24. Rfd1 Qxd1 25. Rxd1 Rxd1 26. Qb7 Rad8 27. Qxc6
R8d2 28. Qxe4 Nd4 0-1

[Event "Gibraltar Challengers A"]
[Site "Gibraltar"]
[Date "2020.01.22"]
[Round "3.11"]
[White "Kandic, Milan"]
[Black "Martinez Lopez, Jaume"]
[Result "1-0"]
[WhiteElo "2132"]
[BlackElo "2042"]
[PlyCount "59"]
[EventDate "2020.01.20"]
[EventType "swiss"]
[EventRounds "5"]
[EventCountry "GGB"]
[SourceTitle "BritBase"]
[Source "John Saunders"]
[SourceDate "2021.06.05"]
[SourceVersion "1"]
[SourceVersionDate "2021.06.05"]
[SourceQuality "1"]

1. e4 g6 2. d4 Bg7 3. Nf3 d6 4. Bc4 a6 5. a4 b6 6. O-O Bb7 7. Nc3 e6 8. Qe2 Nd7
9. Bg5 Ne7 10. Rad1 h6 11. Bf4 O-O 12. Rfe1 Nf6 13. h3 Nxe4 14. Nxe4 d5 15. Bd3
dxe4 16. Bxe4 Bxe4 17. Qxe4 Nd5 18. Be5 b5 19. Bxg7 Kxg7 20. Ra1 Qd6 21. Ne5
Rfd8 22. c3 c5 23. axb5 cxd4 24. Qxd4 Nc7 25. b6 Nb5 26. Qxd6 Nxd6 27. Red1 Nb7
28. Rxd8 Nxd8 29. Rd1 Kf6 30. Rxd8 1-0

[Event "Gibraltar Challengers A"]
[Site "Gibraltar"]
[Date "2020.01.22"]
[Round "3.12"]
[White "Dolzhikova, Olga"]
[Black "Filipovich, David"]
[Result "1/2-1/2"]
[WhiteElo "2123"]
[BlackElo "1995"]
[PlyCount "56"]
[EventDate "2020.01.20"]
[EventType "swiss"]
[EventRounds "5"]
[EventCountry "GGB"]
[SourceTitle "BritBase"]
[Source "John Saunders"]
[SourceDate "2021.06.05"]
[SourceVersion "1"]
[SourceVersionDate "2021.06.05"]
[SourceQuality "1"]

1. e4 c6 2. Nc3 d5 3. Nf3 g6 4. d4 Bg7 5. h3 Nf6 6. e5 Ne4 7. Nxe4 dxe4 8. Ng5
c5 9. Bc4 O-O 10. e6 f6 11. Nxe4 cxd4 12. O-O Nc6 13. Bf4 Na5 14. Qe2 Qb6 15.
Bd6 Nxc4 16. Qxc4 Re8 17. Bc5 Qc6 18. Nd2 Bxe6 19. Qb4 Bd5 20. Bxe7 Bxg2 21.
Rfe1 Bh1 22. Qc4+ Qxc4 23. Nxc4 Bd5 24. Nd6 Reb8 25. Nb5 Rc8 26. Nxd4 f5 27.
Rad1 Be4 28. c3 Re8 1/2-1/2

[Event "Gibraltar Challengers A"]
[Site "Gibraltar"]
[Date "2020.01.22"]
[Round "3.13"]
[White "Lung, Liviu-Catalin"]
[Black "Meszaros, Andras"]
[Result "1/2-1/2"]
[WhiteElo "2041"]
[BlackElo "2244"]
[PlyCount "111"]
[EventDate "2020.01.20"]
[EventType "swiss"]
[EventRounds "5"]
[EventCountry "GGB"]
[SourceTitle "BritBase"]
[Source "John Saunders"]
[SourceDate "2021.06.05"]
[SourceVersion "1"]
[SourceVersionDate "2021.06.05"]
[SourceQuality "1"]

1. e4 c5 2. Nf3 a6 3. g3 Nc6 4. Bg2 e5 5. O-O Nf6 6. d3 d6 7. h3 Be7 8. Bg5 h6
9. Bxf6 Bxf6 10. Nc3 Ne7 11. Nh2 h5 12. Qd2 Bd7 13. Nf3 Be6 14. Ng5 Bxg5 15.
Qxg5 h4 16. f4 hxg3 17. f5 Bd7 18. Qxg7 Rg8 19. Qh7 Rf8 20. Qh4 Bc6 21. Qf6 Qc7
22. Rf3 O-O-O 23. Rxg3 Rg8 24. Rxg8 Nxg8 25. Qh4 f6 26. Kh2 Qb6 27. Rb1 Kb8 28.
Qf2 Ne7 29. b4 Rg8 30. bxc5 Qxc5 31. Qxc5 dxc5 32. Bf3 Nxf5 33. Rg1 Rxg1 34.
Kxg1 Nd4 35. Bd1 Kc7 36. h4 Kd6 37. h5 Ke7 38. Ne2 Kf7 39. c3 Nxe2+ 40. Bxe2
Kg7 41. Kf2 Kh6 42. Ke3 Bb5 43. Bd1 Be8 44. Bg4 b6 45. Bc8 a5 46. d4 exd4+ 47.
cxd4 Bxh5 48. dxc5 bxc5 49. e5 fxe5 50. Ke4 Bf7 51. a3 c4 52. Bd7 c3 53. Ba4
Bg6+ 54. Kxe5 c2 55. Bxc2 Bxc2 56. Kd4 1/2-1/2

[Event "Gibraltar Challengers A"]
[Site "Gibraltar"]
[Date "2020.01.22"]
[Round "3.14"]
[White "Raghav, Srivathsav V"]
[Black "Mohota, Nisha"]
[Result "1-0"]
[WhiteElo "2023"]
[BlackElo "2201"]
[PlyCount "115"]
[EventDate "2020.01.20"]
[EventType "swiss"]
[EventRounds "5"]
[EventCountry "GGB"]
[SourceTitle "BritBase"]
[Source "John Saunders"]
[SourceDate "2021.06.05"]
[SourceVersion "1"]
[SourceVersionDate "2021.06.05"]
[SourceQuality "1"]

1. b3 d5 2. Bb2 Bg4 3. g3 c6 4. Bg2 Nd7 5. f4 h5 6. Nf3 Bxf3 7. Bxf3 h4 8. e3
e5 9. Qe2 Qc7 10. Nc3 O-O-O 11. O-O-O Ngf6 12. Qf2 Bc5 13. fxe5 Nxe5 14. Be2
hxg3 15. hxg3 Bd6 16. e4 dxe4 17. Qxa7 Ned7 18. g4 Rxh1 19. Rxh1 Bf4 20. Rd1
Nb6 21. Na4 Nxa4 22. Qa8+ Qb8 23. Qxa4 Qd6 24. Bc3 Kb8 25. Kb1 Re8 26. Bd4 Kc8
27. Qa8+ Qb8 28. Qa5 Be5 29. Ba7 Qd6 30. Bc5 Qe6 31. g5 Nd7 32. Bc4 Qg6 33. Be3
f5 34. gxf6 gxf6 35. Rg1 Qh7 36. a4 Qe7 37. Ka2 f5 38. Bg5 Qc5 39. Qxc5 Nxc5
40. Rf1 f4 41. Bxf4 Bxf4 42. Rxf4 Kc7 43. Kb2 Kb6 44. Rf5 Nd7 45. a5+ Kc7 46.
Rf7 Kd6 47. Bf1 e3 48. dxe3 Rxe3 49. b4 c5 50. b5 Re7 51. Rxe7 Kxe7 52. Bg2 Kd6
53. Bxb7 Kc7 54. Bg2 Ne5 55. Kc3 Kb8 56. b6 Kc8 57. a6 Nd7 58. Bh3 1-0

[Event "Gibraltar Challengers A"]
[Site "Gibraltar"]
[Date "2020.01.22"]
[Round "3.15"]
[White "Hladik, Lumir"]
[Black "Galvan, Jesus"]
[Result "0-1"]
[WhiteElo "2018"]
[BlackElo "2180"]
[PlyCount "92"]
[EventDate "2020.01.20"]
[EventType "swiss"]
[EventRounds "5"]
[EventCountry "GGB"]
[SourceTitle "BritBase"]
[Source "John Saunders"]
[SourceDate "2021.06.05"]
[SourceVersion "1"]
[SourceVersionDate "2021.06.05"]
[SourceQuality "1"]

1. e4 c5 2. Nf3 Nc6 3. d4 cxd4 4. Nxd4 Nf6 5. Nc3 e5 6. Ndb5 d6 7. Bg5 a6 8.
Na3 b5 9. Nd5 Be7 10. Bxf6 Bxf6 11. Nxf6+ Qxf6 12. c3 Qg6 13. Qd3 O-O 14. Nc2
Bb7 15. Ne3 Ne7 16. f3 Qg5 17. Be2 Qh4+ 18. g3 Qg5 19. O-O-O d5 20. h4 Qh6 21.
Kb1 Rfd8 22. Ng4 Qe6 23. h5 h6 24. Qc2 Rac8 25. Qb3 Rd6 26. Nf2 Rcd8 27. Rd2
Nc8 28. Rhd1 Nb6 29. Qb4 R6d7 30. f4 dxe4 31. f5 Qc6 32. c4 Rxd2 33. Rxd2 Rxd2
34. Qxd2 Nxc4 35. Qd8+ Kh7 36. f6 Qxf6 37. Qxf6 gxf6 38. g4 Nd6 39. Nd1 f5 40.
gxf5 Nxf5 41. Bg4 Nd6 42. Ne3 Kg7 43. b3 Kf6 44. Be2 Kg5 45. Ng2 Nf5 46. a4 Ng3
0-1

[Event "Gibraltar Challengers A"]
[Site "Gibraltar"]
[Date "2020.01.22"]
[Round "3.16"]
[White "Tejaswini, Sagar"]
[Black "Burke, Mitchell R"]
[Result "1/2-1/2"]
[WhiteElo "2180"]
[BlackElo "2001"]
[PlyCount "42"]
[EventDate "2020.01.20"]
[EventType "swiss"]
[EventRounds "5"]
[EventCountry "GGB"]
[SourceTitle "BritBase"]
[Source "John Saunders"]
[SourceDate "2021.06.05"]
[SourceVersion "1"]
[SourceVersionDate "2021.06.05"]
[SourceQuality "1"]

1. e4 c5 2. Nf3 d6 3. d4 cxd4 4. Nxd4 Nf6 5. Nc3 g6 6. Be3 a6 7. h3 b5 8. a4 b4
9. Nd5 Nxd5 10. exd5 Bb7 11. Nb3 Bg7 12. Bd4 O-O 13. Bxg7 Kxg7 14. Qd4+ Kg8 15.
a5 Nd7 16. Be2 Qc7 17. Qd2 Nf6 18. Bf3 Rac8 19. Qxb4 Bxd5 20. Bxd5 Nxd5 21. Qd2
Qc4 1/2-1/2

[Event "Gibraltar Challengers A"]
[Site "Gibraltar"]
[Date "2020.01.22"]
[Round "3.17"]
[White "Zulkipli, Zaidan"]
[Black "Alami, Halim"]
[Result "1-0"]
[WhiteElo "2174"]
[BlackElo "1987"]
[PlyCount "103"]
[EventDate "2020.01.20"]
[EventType "swiss"]
[EventRounds "5"]
[EventCountry "GGB"]
[SourceTitle "BritBase"]
[Source "John Saunders"]
[SourceDate "2021.06.05"]
[SourceVersion "1"]
[SourceVersionDate "2021.06.05"]
[SourceQuality "1"]

1. d4 d5 2. c4 e6 3. Nf3 c6 4. Nc3 f5 5. Bf4 Nf6 6. e3 Be7 7. h3 Ne4 8. Bd3 Nd7
9. O-O O-O 10. Ne2 Ndf6 11. Ne5 g5 12. Bh2 Bd7 13. Rc1 Be8 14. f3 Nd6 15. c5
Nf7 16. g4 Nd7 17. b4 a5 18. gxf5 Nfxe5 19. dxe5 axb4 20. f6 Bxc5 21. Nd4 Bxd4
22. exd4 Rxa2 23. f4 Bg6 24. Bxg6 hxg6 25. fxg5 Kf7 26. Ra1 Rxa1 27. Qxa1 Rh8
28. Kg2 Qb6 29. Rf3 Qb5 30. Qb2 b6 31. Bg3 Ra8 32. h4 Qa4 33. Bf2 c5 34. h5 Qd1
35. hxg6+ Kxg6 36. Rh3 Ra1 37. Rh6+ Kf5 38. Be3 Qg4+ 39. Kh2 Qd1 40. Qf2+ Ke4
41. g6 b3 42. g7 Ra2 43. g8=Q Rxf2+ 44. Bxf2 Kd3 45. Rh3+ Kc4 46. Qa8 b5 47. f7
Nxe5 48. dxe5 Qe2 49. f8=Q Qxe5+ 50. Kg2 d4 51. Qff3 Qg5+ 52. Rg3 1-0

[Event "Gibraltar Challengers A"]
[Site "Gibraltar"]
[Date "2020.01.22"]
[Round "3.18"]
[White "Bujakevich, Aleksandr"]
[Black "Godoy Olazabal, Artur"]
[Result "1/2-1/2"]
[WhiteElo "2014"]
[BlackElo "2154"]
[PlyCount "130"]
[EventDate "2020.01.20"]
[EventType "swiss"]
[EventRounds "5"]
[EventCountry "GGB"]
[SourceTitle "BritBase"]
[Source "John Saunders"]
[SourceDate "2021.06.05"]
[SourceVersion "1"]
[SourceVersionDate "2021.06.05"]
[SourceQuality "1"]

1. e4 c5 2. c3 Nf6 3. e5 Nd5 4. Bc4 Nb6 5. Bb3 d5 6. d4 cxd4 7. cxd4 Bf5 8. Nf3
e6 9. O-O Nc6 10. Bg5 Be7 11. Bxe7 Qxe7 12. Nc3 O-O 13. h3 Be4 14. Nh2 Qb4 15.
Nxe4 dxe4 16. Re1 Qxd4 17. Qxd4 Nxd4 18. Bd1 Rac8 19. Rxe4 Rfd8 20. Nf1 Nc4 21.
Rc1 Kf8 22. b3 Nb6 23. Rxc8 Nxc8 24. f4 Ne7 25. Kf2 Nec6 26. a4 a6 27. g4 Rd5
28. Ke3 b5 29. Nd2 Ke7 30. Nf3 Nf5+ 31. gxf5 Rxd1 32. fxe6 fxe6 33. axb5 axb5
34. Ke2 Rh1 35. h4 h6 36. Re3 Nb4 37. Kf2 Nd5 38. Re4 Rb1 39. Nd4 Kd7 40. f5
Rb2+ 41. Re2 Rxe2+ 42. Kxe2 exf5 43. Nxf5 Ke6 44. Nd4+ Kxe5 45. Nxb5 Kf4 46.
Kd3 Kg4 47. Kc4 Ne7 48. Nc3 Kxh4 49. Nd5 Nc8 50. Kd4 g5 51. Ke3 Nd6 52. b4 Kh3
53. Kf2 h5 54. Nc3 Kh2 55. b5 g4 56. b6 g3+ 57. Kf3 h4 58. Ne2 g2 59. Kg4 h3
60. Kh4 Nb7 61. Kg4 Nc5 62. Kh4 Nb7 63. Kg4 Nd6 64. Kh4 Nf5+ 65. Kg4 Nd6
1/2-1/2

[Event "Gibraltar Challengers A"]
[Site "Gibraltar"]
[Date "2020.01.22"]
[Round "3.19"]
[White "Longa Yauca, Javier"]
[Black "Herzwurm, Robert"]
[Result "1-0"]
[WhiteElo "2154"]
[BlackElo "1979"]
[PlyCount "103"]
[EventDate "2020.01.20"]
[EventType "swiss"]
[EventRounds "5"]
[EventCountry "GGB"]
[SourceTitle "BritBase"]
[Source "John Saunders"]
[SourceDate "2021.06.05"]
[SourceVersion "1"]
[SourceVersionDate "2021.06.05"]
[SourceQuality "1"]

1. d4 Nf6 2. c4 g6 3. Nc3 Bg7 4. e4 d6 5. Nf3 O-O 6. Be2 e5 7. d5 a5 8. O-O Na6
9. Be3 Ng4 10. Bg5 f6 11. Bd2 f5 12. Ng5 Nf6 13. exf5 gxf5 14. f4 Nc5 15. Be3
Nfe4 16. Ncxe4 Nxe4 17. Nf3 Qe7 18. Qc2 b6 19. Rae1 Bd7 20. b3 Rae8 21. g3 Nf6
22. Nh4 e4 23. Bd4 Qf7 24. Qc3 h5 25. Ng2 Kh7 26. h3 Rg8 27. Kh2 Ref8 28. Ne3
Qg6 29. Rg1 Bh6 30. Bxf6 Rxf6 31. Bxh5 Qg7 32. h4 Qe7 33. Ref1 Bg7 34. Qe1 Rh6
35. Bd1 Bf6 36. h5 Qg7 37. Rg2 Bd4 38. Rh1 Be8 39. Kg1 Bc5 40. Kf1 Qd4 41. Nxf5
Qd3+ 42. Be2 Qc2 43. Nxh6 Kxh6 44. g4 Rf8 45. f5 Kh7 46. Rh3 Qb2 47. Bf3 Qe5
48. Bxe4 Bb4 49. Qb1 Bc5 50. Rf3 Bd7 51. f6+ Kh8 52. g5 1-0

[Event "Gibraltar Challengers A"]
[Site "Gibraltar"]
[Date "2020.01.22"]
[Round "3.20"]
[White "Skutta, Bernd"]
[Black "Lipecki, Alexander"]
[Result "0-1"]
[WhiteElo "1998"]
[BlackElo "2152"]
[PlyCount "100"]
[EventDate "2020.01.20"]
[EventType "swiss"]
[EventRounds "5"]
[EventCountry "GGB"]
[SourceTitle "BritBase"]
[Source "John Saunders"]
[SourceDate "2021.06.05"]
[SourceVersion "1"]
[SourceVersionDate "2021.06.05"]
[SourceQuality "1"]

1. d4 d5 2. Bf4 Nf6 3. e3 e6 4. Nd2 Be7 5. h3 c5 6. dxc5 Bxc5 7. Ngf3 Nc6 8.
Bb5 Qb6 9. c4 O-O 10. O-O a6 11. Bxc6 bxc6 12. Qc2 Be7 13. c5 Qxc5 14. Qxc5
Bxc5 15. Rfc1 Bb4 16. Rxc6 Bd7 17. Rc7 Rfc8 18. Rac1 Ne8 19. Rxc8 Rxc8 20. Rxc8
Bxc8 21. Nb3 f6 22. Bb8 e5 23. a3 Bf8 24. Kf1 Kf7 25. Na5 Ke6 26. b4 Nd6 27.
Bxd6 Bxd6 28. Ke1 g5 29. g3 Bc7 30. Nb3 Kd6 31. h4 h6 32. hxg5 fxg5 33. Nfd2
Kc6 34. Nc5 a5 35. Nd3 axb4 36. Nxb4+ Kd6 37. f4 exf4 38. exf4 gxf4 39. gxf4
Ba5 40. Kf2 h5 41. Ke3 Bg4 42. Nf1 Bb6+ 43. Kd3 h4 44. Nh2 Bh5 45. Nc2 Bg1 46.
Nf1 Be8 47. Nce3 Bb5+ 48. Kd2 d4 49. Nf5+ Kd5 50. Nxh4 Bxf1 0-1